The macgraw-hill: (Record no. 153977)

MARC details
000 -LEADER
fixed length control field 00619nam a22001937a 4500
003 - CONTROL NUMBER IDENTIFIER
control field dpl
005 - DATE AND TIME OF LATEST TRANSACTION
control field 20180713124235.0
008 - FIXED-LENGTH DATA ELEMENTS--GENERAL INFORMATION
fixed length control field 180713b xxu||||| |||| 00| 0 eng d
020 ## - INTERNATIONAL STANDARD BOOK NUMBER
International Standard Book Number 9780070601154
035 ## - SYSTEM CONTROL NUMBER
System control number 0.00
040 ## - CATALOGING SOURCE
Original cataloging agency DPL
Language of cataloging EN
Transcribing agency 0
082 ## - DEWEY DECIMAL CLASSIFICATION NUMBER
Classification number 488.2
100 ## - MAIN ENTRY--PERSONAL NAME
Personal name Lester, Mark
245 ## - TITLE STATEMENT
Title The macgraw-hill:
Remainder of title Handbook of english grammar and usage/
Statement of responsibility, etc by Mark Lester [and] Larry Beason
260 ## - PUBLICATION, DISTRIBUTION, ETC. (IMPRINT)
Place of publication, distribution, etc New Delhi
Name of publisher, distributor, etc Tata Macgraw hill publishing company ltd.
Date of publication, distribution, etc 2006
300 ## - PHYSICAL DESCRIPTION
Extent vii;,344p;
Other physical details includes index , glossary
Dimensions 23cm.
700 ## - ADDED ENTRY--PERSONAL NAME
Personal name by Beason, Larry
942 ## - ADDED ENTRY ELEMENTS (KOHA)
Source of classification or shelving scheme Dewey Decimal Classification
Koha item type English Books
Classification part 488.2
Call number suffix LES
Holdings
Withdrawn status Lost status Source of classification or shelving scheme Damaged status Not for loan Collection code Home library Current library Date acquired Source of acquisition Cost, normal purchase price Total Checkouts Total Renewals Full call number Barcode Date last seen Date checked out Cost, replacement price Price effective from Koha item type
    Dewey Decimal Classification     Non-fiction Patel Nagar Patel Nagar 13/07/2018 BPPD/Pub 0.00 5 4 488.2 LES B-190165 03/03/2019 19/01/2019 0.00 13/07/2018 English Books

© Delhi Public Library
Hit Counter
free hit counter